Место "Деора" в древнеанглийском элегическом каноне; Вестник науки Сибири; № 4 (14)

Dettagli Bibliografici
Parent link:Вестник науки Сибири: электронный научный журнал/ Томский политехнический университет (ТПУ).— , 2011-.— 2226-0064
№ 4 (14).— 2014.— [С. 156-161]
Autore principale: Аксёнова Н. В. Наталия Валерьевна
Ente Autore: Национальный исследовательский Томский политехнический университет (ТПУ) Институт кибернетики (ИК) Кафедра иностранных языков института кибернетики (ИЯИК)
Altri autori: Диденко А. В. Анастасия Владимировна
Riassunto:Заглавие с титульного листа
В статье рассматривается древнеанглийская элегия "Песнь о Деоре" в контексте мировой и древнеанглийской элегической традиции. Исследование ставит целью продемонстрировать особенности данной элегии в сравнении с другими представленными произведениями этого жанра того же периода. В работе использовано несколько методов: метод сопоставительно-стилистический, метод слово-образ и метод интертекстуального анализа. Анализ показывает, что элегия "Песнь о Деоре" отличается от остальных англосаксонских элегий более тесной связью с эпосом, что находит выражение в использовании обращений к историческим и эпическим сюжетам для иллюстрации лирических переживаний рассказчика. В элегии упоминаются эпические герои: Теодорик Великий, Беадохильда, кузнец Велунд - что не характерно для староанглийской элегии. Автор «Песни о Деоре» создает личностного лирического героя с претензией на автобиографизм c тщательным использованием параллелизма.
Lingua:russo
Pubblicazione: 2014
Serie:Филология. Педагогика
Soggetti:
Accesso online:http://earchive.tpu.ru/handle/11683/16625
Natura: MixedMaterials Elettronico Capitolo di libro
KOHA link:https://koha.lib.tpu.ru/cgi-bin/koha/opac-detail.pl?biblionumber=539906

MARC

LEADER 00000naa2a2200000 4500
001 539906
005 20240115093939.0
035 |a (RuTPU)RU\TPU\prd\229739 
035 |a RU\TPU\prd\229738 
090 |a 539906 
100 |a 20150116d2014 k y0rusy50 ca 
101 0 |a rus 
102 |a RU 
135 |a drcn ---uucaa 
181 0 |a i  
182 0 |a b 
200 1 |a Место "Деора" в древнеанглийском элегическом каноне  |f Н. А. Аксенова, А. В. Диденко 
203 |a Текст  |c электронный 
215 |a 1 файл (585 Кб) 
225 1 |a Филология. Педагогика 
300 |a Заглавие с титульного листа 
320 |a [Библиогр.: с. 161 (5 назв.)] 
330 |a В статье рассматривается древнеанглийская элегия "Песнь о Деоре" в контексте мировой и древнеанглийской элегической традиции. Исследование ставит целью продемонстрировать особенности данной элегии в сравнении с другими представленными произведениями этого жанра того же периода. В работе использовано несколько методов: метод сопоставительно-стилистический, метод слово-образ и метод интертекстуального анализа. Анализ показывает, что элегия "Песнь о Деоре" отличается от остальных англосаксонских элегий более тесной связью с эпосом, что находит выражение в использовании обращений к историческим и эпическим сюжетам для иллюстрации лирических переживаний рассказчика. В элегии упоминаются эпические герои: Теодорик Великий, Беадохильда, кузнец Велунд - что не характерно для староанглийской элегии. Автор «Песни о Деоре» создает личностного лирического героя с претензией на автобиографизм c тщательным использованием параллелизма. 
337 |a Adobe Reader 
461 1 |0 (RuTPU)RU\TPU\prd\143680  |x 2226-0064  |t Вестник науки Сибири  |o электронный научный журнал  |f Томский политехнический университет (ТПУ)  |d 2011- 
463 1 |0 (RuTPU)RU\TPU\prd\229694  |t № 4 (14)  |v [С. 156-161]  |d 2014 
610 1 |a труды учёных ТПУ 
610 1 |a электронный ресурс 
610 1 |a поэзия 
610 1 |a лирика 
610 1 |a эпос 
610 1 |a Бог 
610 1 |a эпические традиции 
700 1 |a Аксёнова  |b Н. В.  |c лингвист  |c доцент Томского политехнического университета, кандидат филологических наук  |f 1979-  |g Наталия Валерьевна  |3 (RuTPU)RU\TPU\pers\31421  |9 15585 
701 1 |a Диденко  |b А. В.  |c лингвист  |c доцент Томского политехнического университета, кандидат филологических наук  |f 1978-  |g Анастасия Владимировна  |3 (RuTPU)RU\TPU\pers\28348  |9 13257 
712 0 2 |a Национальный исследовательский Томский политехнический университет (ТПУ)  |b Институт кибернетики (ИК)  |b Кафедра иностранных языков института кибернетики (ИЯИК)  |3 (RuTPU)RU\TPU\col\18707 
801 1 |a RU  |b 63413507  |c 20090623  |g PSBO 
801 2 |a RU  |b 63413507  |c 20180112  |g PSBO 
856 4 |u http://earchive.tpu.ru/handle/11683/16625 
942 |c BK